Discover the Magnificent world of Rashtrapati Bhawan/ (Record no. 193884)

MARC details
000 -LEADER
fixed length control field 00585nam a22001817a 4500
005 - DATE AND TIME OF LATEST TRANSACTION
control field 20250214112532.0
010 ## - LCCN (DPL NO)
LC control number ENG-135733
020 ## - INTERNATIONAL STANDARD BOOK NUMBER
Terms of availability 615.00
International Standard Book Number 978-81-230-2126-3
035 ## - SYSTEM CONTROL NUMBER
System control number EN-119265
037 ## - SOURCE OF ACQUISITION
Source of stock number/acquisition DBAD/PUB
082 ## - DEWEY DECIMAL CLASSIFICATION NUMBER
Classification number 954.16
100 ## - MAIN ENTRY--PERSONAL NAME
Personal name Gupta, Subhadra Sen
245 ## - TITLE STATEMENT
Title Discover the Magnificent world of Rashtrapati Bhawan/
Statement of responsibility, etc By Subhadra Sen Gupta
260 ## - PUBLICATION, DISTRIBUTION, ETC. (IMPRINT)
Place of publication, distribution, etc New Delhi
Name of publisher, distributor, etc Publication Division, Government of India
Date of publication, distribution, etc 2016
270 ## - ADDRESS
Address Rashtrapati Bhavan
City New Delhi
300 ## - PHYSICAL DESCRIPTION
Extent v.p.
Dimensions 21cm(hbk)
Other physical details photos
942 ## - ADDED ENTRY ELEMENTS (KOHA)
Source of classification or shelving scheme Dewey Decimal Classification
Item type English Books
Call number suffix GUP
Classification part 954.16
Holdings
Withdrawn status Lost status Not for loan Collection code Home library Current library Date acquired Source of acquisition Cost, normal purchase price Full call number Barcode Copy number Cost, replacement price Koha item type
    Not For Loan Reference Central Library Central Library 21/11/2022 DBAD 615.00 954.16 GUP EN-119265 1 615.00 English Books

© Delhi Public Library
Hit Counter
free hit counter